An introduction to veterinary pharmacology/ (Record no. 20587)

MARC details
000 -LEADER
fixed length control field 01280nam a2200409 a 4500
001 - CONTROL NUMBER
control field vtls000016495
003 - CONTROL NUMBER IDENTIFIER
control field NLI
005 - DATE AND TIME OF LATEST TRANSACTION
control field 20210601181724.0
008 - FIXED-LENGTH DATA ELEMENTS--GENERAL INFORMATION
fixed length control field 101125s1969 enk 001 0 eng
020 ## - INTERNATIONAL STANDARD BOOK NUMBER
International Standard Book Number 443006407
Terms of availability Rs. 209.00
039 #9 - LEVEL OF BIBLIOGRAPHIC CONTROL AND CODING DETAIL [OBSOLETE]
-- 201011250124
-- VLOAD
040 0# - CATALOGING SOURCE
Original cataloging agency NLI
Language of cataloging eng
Transcribing agency VERGIS-2003
041 0# - LANGUAGE CODE
Language code of text/sound track or separate title eng
044 ## - COUNTRY OF PUBLISHING/PRODUCING ENTITY CODE
MARC country code enk
082 04 - DEWEY DECIMAL CLASSIFICATION NUMBER
Classification number 636.0895
100 1# - MAIN ENTRY--PERSONAL NAME
Personal name Alexander, Frank
9 (RLIN) 57509
245 13 - TITLE STATEMENT
Title An introduction to veterinary pharmacology/
Statement of responsibility, etc. Frank Alexander
250 ## - EDITION STATEMENT
Edition statement 2nd ed.
260 ## - PUBLICATION, DISTRIBUTION, ETC.
Place of publication, distribution, etc. Edinburgh:
Name of publisher, distributor, etc. E and S. Livingstone,
Date of publication, distribution, etc. 1969
300 ## - PHYSICAL DESCRIPTION
Extent x, 331 p.;
Dimensions 21 cm.
500 ## - GENERAL NOTE
General note Includes index
650 #0 - SUBJECT ADDED ENTRY--TOPICAL TERM
Topical term or geographic name entry element Veterinary pharmacology
9 (RLIN) 57510
650 #0 - SUBJECT ADDED ENTRY--TOPICAL TERM
Topical term or geographic name entry element Pharmacology
9 (RLIN) 12194
650 #0 - SUBJECT ADDED ENTRY--TOPICAL TERM
Topical term or geographic name entry element Veterinary chemotherapy
9 (RLIN) 57511
650 #0 - SUBJECT ADDED ENTRY--TOPICAL TERM
Topical term or geographic name entry element Therapenties
9 (RLIN) 57512
650 #0 - SUBJECT ADDED ENTRY--TOPICAL TERM
Topical term or geographic name entry element Veterinary medicine
887 ## - NON-MARC INFORMATION FIELD
Content of non-MARC field P. Nirmaladevi
901 ## - LOCAL DATA ELEMENT A, LDA (RLIN)
a 416638
b 01/03/1975
902 ## - LOCAL DATA ELEMENT B, LDB (RLIN)
a E 636.0895 Al 26
903 ## - LOCAL DATA ELEMENT C, LDC (RLIN)
a 05/03/2004
904 ## - LOCAL DATA ELEMENT D, LDD (RLIN)
a P. Nirmaladevi
906 ## - LOCAL DATA ELEMENT F, LDF (RLIN)
a 015619
949 ## - LOCAL PROCESSING INFORMATION (OCLC)
-- VIRTUAITEM
-- 10000
-- 1
-- 100
6 PUR000416638ENG
a E 636.0895 Al26
942 ## - ADDED ENTRY ELEMENTS (KOHA)
Source of classification or shelving scheme Dewey Decimal Classification
Koha item type Books
Holdings
Withdrawn status Lost status Damaged status Not for loan Collection code Home library Current library Shelving location Date acquired Total Checkouts Full call number Barcode Date last seen Price effective from Koha item type
        New English National Library of India National Library of India New English - Main Stack Division     E 636.0895 Al 26 PUR000416638ENG 01/06/2021 01/06/2021 Books
                                                                           
web counter

Copyright ©2020 The National Library of India, Govt. of India ↔ Hosted by NVLI, MOC ↔ Technology and Design by National Library of India, Ministry of Culture, Govt. of India